| 000 | 00735nam a22001577a 4500 | ||
|---|---|---|---|
| 003 | OSt | ||
| 005 | 20151003154556.0 | ||
| 008 | 151003b xxu||||| |||| 00| 0 eng d | ||
| 040 | _cRUA | ||
| 082 | _aAVM PA 1999 B071 Or.1 | ||
| 100 |
_91929 _aPA, SOPHY. |
||
| 245 | _aA cost and benefit study of small scale broiler production in svaaypho district battambang province, ការសិក្សាអំពីការចំណាយ និងផលចំណេញនៃផលិតកម្មមាន់យកសាច់ទ្រង់ទ្រាយតូចនៅស្រុកស្វាយប៉ោ ខេត្ដបាត់ដំបង | ||
| 260 |
_aPhnom Penh _bRUA _c1999 |
||
| 300 |
_a63p. _bill. _c29cm. |
||
| 942 |
_2ddc _cAVM |
||
| 999 |
_c1822 _d1822 |
||